| 000 | 01162nam a2200277 a 4500 | ||
|---|---|---|---|
| 003 | BLK | ||
| 005 | 20250625170324.0 | ||
| 008 | 200925b bu |||||r|||| 00| | bu d | ||
| 020 | _a9786197701661 | ||
| 040 | _aBLK | ||
| 041 |
_aBUL _cBUL |
||
| 080 |
_aАнглийска литература _b821.111 _z821.111-93-34 |
||
| 080 |
_aИздания за деца и юноши. Книжки-картинки. Читанки. Вж и 372.4 _b087.5 _z087.5 _9231478 |
||
| 084 | _aК 54 | ||
| 100 |
_aКинлоч, Кимбърли _9498185 |
||
| 245 |
_aМис Моли и училището по щастие _cКимбърли Кинлоч ; ил. Роузи Рийв ; прев. Миряна Илчева |
||
| 260 |
_9216689 _aСофия _bКлевър Бук _c2025 _n978-954-9749- |
||
| 300 |
_a32 с. _bс цв. ил. _c22 см |
||
| 380 | _aDX | ||
| 700 |
_aИлчева, Миряна Иличова _eпрев. _9347870 |
||
| 700 |
_aРийв, Роузи _9472215 |
||
| 856 |
_i0.00 _ldisable |
||
| 942 |
_cKNG _n0 _s1 _024 |
||
| 944 |
_cНора Радева _k30534 _a30545 _lРадостина Карадакова |
||
| 999 |
_c531138 _d531138 |
||